000 00435nam a2200157Ia 4500
999 _c1053
_d1053
003 OSt
005 20200924122700.0
008 190216s9999||||xx |||||||||||||| ||und||
040 _coclc
082 _a500
_bDAM/M
100 _aDamsell, D H
_94940
245 0 _aModern Everyday Science /
_cD H Damsell
260 _bJm dent &sons Ltd,
_c1961.
_aLondon:
300 _a92p
942 _cBK
_2ddc
_h500
_iDAM/M
_k500
_mDAM/M